Η ελονοσία : οδηγίαι δια την ενέργειαν του ανθελονοσιακού αγώνος προς χρήσιν των εκπαιδευτικών λειτουργών.
Αποθηκεύτηκε σε:
| Συγγραφή απο Οργανισμό/Αρχή: | |
|---|---|
| Μορφή: | Βιβλίο |
| Γλώσσα: | Greek |
| Δημοσίευση: |
Εν Αθήναις :
Εκ του Εθνικού Τυπογραφείου,
1937.
|
| Θέματα: | |
| Ετικέτες: |
Προσθήκη ετικέτας
Δεν υπάρχουν, Καταχωρήστε ετικέτα πρώτοι!
|
MARC
| LEADER | 00000cam a2200000 a 4500 | ||
|---|---|---|---|
| 001 | 1/109024 | ||
| 008 | 151001s1937####gr | ||| |||| ||gre|| | ||
| 040 | |a GR-MyUa |b gre |c GR-MyUa |e AACR2 | ||
| 041 | 0 | |a gre | |
| 082 | 7 | |a 616.9362 |2 (23) | |
| 245 | 1 | 1 | |a Η ελονοσία : |b οδηγίαι δια την ενέργειαν του ανθελονοσιακού αγώνος προς χρήσιν των εκπαιδευτικών λειτουργών. |
| 260 | |a Εν Αθήναις : |b Εκ του Εθνικού Τυπογραφείου, |c 1937. | ||
| 300 | |a 20 σ. : |b εικ. ; |c 21 εκ. | ||
| 500 | |a Στη σ.τ. δυσανάγνωστη σφραγίδα και ιδιοχείρως ο αρ. 5. | ||
| 650 | 0 | |a Malaria. | |
| 710 | 1 | |a Υπουργείον Θρησκευμάτων και Παιδείας |b Τμήμα Σχολικής Υγιεινής. | |
| 852 | |a INST |b SAMOS |c PORFYRIADA |e 20151001 |h 616.9362 ΕΛΟ |p 005300042902 |q 005300042902 |t NOLOAN |y 23 | ||
| 970 | |a Κοσιέρης |b Χρήστος |z 26/09/2015 | ||